Diagnóstico por imágenes para alumnos de Medicina / (Registro nro. 903)
[ vista simple ]
| 000 -LEADER | |
|---|---|
| fixed length control field | 01263 am a2200361 a 4500 |
| 005 - FECHA ULTIMA MODIFICACION | |
| control field | 20240510121141.0 |
| 008 - CAMPO DE CONTROL (LIBRO) | |
| fixed length control field | 100916s1996||||ag a f |||| 001 0 spa d |
| 020 ## - INTERNATIONAL STANDARD BOOK NUMBER | |
| ISBN | 9879914309 |
| 041 ## - CODIGO DE IDIOMA | |
| Código de idioma del texto/pista de sonido o título separado | spa |
| 092 ## - SIGNATURA TOPOGRAFICA DEWEY LOCAL | |
| número de clasificación | 616.0757 |
| libristica | 16 |
| sección | DIA |
| 245 ## - TITULO PROPIAMENTE DICHO | |
| Título | Diagnóstico por imágenes para alumnos de Medicina / |
| Mención de responsabilidad y remanente de la transcripción de la portada | Francisco A. Eleta |
| 250 ## - MENCION DE EDICION | |
| Mención de edición | 4a ed. |
| 260 ## - PIE DE IMPRENTA | |
| Lugar de publicación, distribución, etc | Buenos Aires: |
| Nombre de la editorial, distribuidor, etc | Fundación Jaime Roca; |
| Fecha de publicación | 1996. |
| 300 ## - DESCRIPCION FISICA | |
| Extension | 134 p. |
| Otros detalles físicos | il. |
| 500 ## - NOTA GENERAL | |
| Nota general | Eleta, F. A. et al. (1996). Diagnóstico por imágenes para alumnos de medicina. (4a ed.). Buenos Aires : Fundación Jaime Roca. |
| 590 ## - NOTAS LOCALES (RLIN) | |
| Nota local | Donación Dra. Natalia Fernández, Agosto 2011 |
| 653 ## - TÉRMINO INDIZADO - PALABRAS CLAVES | |
| Palabra clave | Metodos de diagnóstico por imágenes |
| 653 ## - TÉRMINO INDIZADO - PALABRAS CLAVES | |
| Palabra clave | Sistema respiratorio, diafragma y mediastino |
| 653 ## - TÉRMINO INDIZADO - PALABRAS CLAVES | |
| Palabra clave | Corazón y aorta |
| 653 ## - TÉRMINO INDIZADO - PALABRAS CLAVES | |
| Palabra clave | Abdomen en general y sistema digestivo |
| 653 ## - TÉRMINO INDIZADO - PALABRAS CLAVES | |
| Palabra clave | Sistema urinario |
| 653 ## - TÉRMINO INDIZADO - PALABRAS CLAVES | |
| Palabra clave | Sistema ginecológico y obstetricia |
| 653 ## - TÉRMINO INDIZADO - PALABRAS CLAVES | |
| Palabra clave | Esqueleto |
| 653 ## - TÉRMINO INDIZADO - PALABRAS CLAVES | |
| Palabra clave | Cabeza ósea |
| 653 ## - TÉRMINO INDIZADO - PALABRAS CLAVES | |
| Palabra clave | Sistema nervioso central |
| 653 ## - TÉRMINO INDIZADO - PALABRAS CLAVES | |
| Palabra clave | Radiología intervencionista |
| 700 1# - ENTRADAS SECUNDARIAS - NOMBRE PERSONAL | |
| Nombre personal | Eleta, Francisco A. |
| 9 (RLIN) | 802 |
| 700 1# - ENTRADAS SECUNDARIAS - NOMBRE PERSONAL | |
| Nombre personal | Velán, Osvaldo. |
| 9 (RLIN) | 803 |
| 700 1# - ENTRADAS SECUNDARIAS - NOMBRE PERSONAL | |
| Nombre personal | San Román, José Luís. |
| 9 (RLIN) | 804 |
| 700 1# - ENTRADAS SECUNDARIAS - NOMBRE PERSONAL | |
| Nombre personal | Blejman, Oscar. |
| 9 (RLIN) | 805 |
| 930 ## - NUMERO DE INVENTARIO | |
| Número de inventario | 2424 |
| 942 ## - ADDED ENTRY ELEMENTS (KOHA) | |
| Source of classification or shelving scheme | Dewey Decimal Classification |
| Item type | Libros |
| Estado de retiro | Existencia | Fuente de clasificación | Estado general | No para prestamo | Ubicación permanente | ubicación actual | Sala de ubicación | Fecha de adquisición | Total Checkouts | Total Renewals | Número de clasificación | Código de barras | Date last seen | Date last borrowed | Número de ejemplar | Price effective from | Koha tipo de elemento (item) |
|---|---|---|---|---|---|---|---|---|---|---|---|---|---|---|---|---|---|
| Dewey Decimal Classification | Biblioteca Medicina | Biblioteca Medicina | Circulación | 15/08/2011 | 1 | 1 | 616.0757 16 DIA | 2424 | 27/04/2015 | 22/04/2015 | ej.2 | 15/08/2011 | Libros |